000 00485nam a2200169Ia 4500
999 _c26095
_d26095
003 OSt
005 20201208102405.0
008 190216s9999||||xx |||||||||||||| ||und||
040 _coclc
082 _a894.812
_bMUN/A
100 _aMundassery, Joseph
_91940
245 0 _aAnthareeksham /
_cJoseph Mundassery
260 _bCurrent Books,
_aTrissur:
_c1984.
300 _a95p
650 _aSahithya Vimarshanam
942 _cBK
_2ddc
_h894.812
_iMUN/A
_k894.812
_mMUN/A